000
00307nam a22001457a 4500
999
_c
10723
_d
10723
003
OSt
005
20210303113647.0
008
210303b ||||| |||| 00| 0 eng d
040
_c
DDC
050
_b
D866H
082
_a
248.24
_b
D866H
100
_a
Dugan, Brad
245
_a
He rescued me
942
_2
ddc
_c
BK